Reklamné výdavky duopolu

Popísanie modelu oligopolu pri zavádzaní nového produktu na trh. Zjednodušujúce predpoklady pre model boli prijaté. Model oligopolu bol následne zjednodušený a na jeho riešenie bol použitý algoritmus, ktorý popisujú vo svojej práci Teng a Thompson.

Salvato in:
Dettagli Bibliografici
Autore principale: Mikušová, Nora, 1978-
Altri autori: Domonkos, Tomáš
Natura: Capitolo di libro
Lingua:slovacco
Soggetti:
Tags: Aggiungi Tag
Nessun Tag, puoi essere il primo ad aggiungerne!!

MARC

LEADER 00000nla$a2200000$$$4500
001 0088364
005 20240502083229.7
041 0 |a slo 
044 |a CZ 
245 1 0 |a Reklamné výdavky duopolu  |c Nora Mikušová, Tomáš Domonkos 
520 |a Popísanie modelu oligopolu pri zavádzaní nového produktu na trh. Zjednodušujúce predpoklady pre model boli prijaté. Model oligopolu bol následne zjednodušený a na jeho riešenie bol použitý algoritmus, ktorý popisujú vo svojej práci Teng a Thompson. 
610 2 0 |a duopoly 
610 2 0 |a reklama 
610 2 0 |a výdavky 
610 2 0 |a hry ekonomické 
610 2 0 |a funkcie dopytové 
100 1 |a Mikušová, Nora, 1978- 
700 1 |a Domonkos, Tomáš